Yeşeren Otlar (Record no. 881)

000 -LEADER
fixed length control field 00401nam a22001457a 4500
008 - FIXED-LENGTH DATA ELEMENTS--GENERAL INFORMATION
fixed length control field 170802b xxu||||| |||| 00| p tur d
041 ## - LANGUAGE CODE
Language code of text/sound track or separate title Türkçe
050 ## - LIBRARY OF CONGRESS CALL NUMBER
Classification number PL248
245 ## - TITLE STATEMENT
Title Yeşeren Otlar
260 ## - PUBLICATION, DISTRIBUTION, ETC.
Place of publication, distribution, etc. İstanbul
Name of publisher, distributor, etc. Varlık Yayınları
Date of publication, distribution, etc. Eylül 1954
300 ## - PHYSICAL DESCRIPTION
Extent 79 sayfa
500 ## - GENERAL NOTE
General note Varlık Yayınları Sayı: 293; Yeni Türk Şiiri Serisi: 18
650 #0 - SUBJECT ADDED ENTRY--TOPICAL TERM
9 (RLIN) 145
Topical term or geographic name entry element Türk Edebiyatı
942 ## - ADDED ENTRY ELEMENTS (KOHA)
Source of classification or shelving scheme
Koha item type Books
Holdings
Withdrawn status Lost status Source of classification or shelving scheme Damaged status Not for loan Permanent Location Current Location Shelving location Date acquired Full call number Barcode Date last seen Price effective from Koha item type
        Ödünç verilemez İmren Ahmet Tüzün Kütüphanesi İmren Ahmet Tüzün Kütüphanesi Ahmet Tüzün 2017-08-02 PL248 100100000866 2017-08-02 2017-08-02 Books

This software was implemented, installed and managed by Devinim Software Training Consulting .